Charmine Solomon's complete vegetarian cookbook

Bibliographic Details
Main Author: Solomon, Charmaine
Format: Book
Published: London : Harper Collins Publishers , 1990
Subjects:

MARC

LEADER 00000cam a2200000 7i4500
001 0000002527
002 000002751
005 20000330.0
020 |a 0207157723 
090 0 0 |a 641.5636   |b SOL 
100 1 |a Solomon, Charmaine 
245 1 0 |a Charmine Solomon's complete vegetarian cookbook   |c Charmine Solomon 
260 |a London :   |b Harper Collins Publishers ,   |c 1990 
300 |a 470p. :   |b ill ;   |c 28cm. 
650 0 0 |a Vegetarian cookery 
999 |a 031516   |b BUKU   |c RUJUKAN   |e PERPUSTAKAAN KOMUNITI PETALING JAYA 
999 |a 031517   |b BUKU   |c PINJAMAN   |e PERPUSTAKAAN KOMUNITI PETALING JAYA 
999 |a 036226   |b BUKU   |c PINJAMAN   |e PERPUSTAKAAN KOMUNITI PETALING JAYA